00778nam a2200217 a 450000100060000000300090000600800410001502000150005604000280007108200170009910000370011624500430015326000450019630000080024150501980024965000220044765000170046965000240048665000290051065000210053921542CO-ViMGA141112s2004 ck r 000 u spa d a9586762920 aCO-ViMGAbspacCO-ViMGA04a364.12 A548c1 aAngulo González, Ruben Darío10aCadena de custosia en criminalística aBogotá : bDoctrina y ley ltda, c2005 a160 aLa escena del crimen 21 - - El adn en la investigación criminal 27 - - Clases de evidencias 33 - - Análisis de los elementos físicos de prueba 45 - - Formato de la cadena de custodia 53 14aCIENCIAS FORENSES14aCRIMINOLOGIA14aEVIDENCIA (DERECHO)14aInvestigación CRIMINAL14aPRUEBA (DERECHO)